Statistics for Word Scramble - Food

Click here to take the quiz!

General Stats

  • This quiz has been taken 2,034 times
  • The average score is 9 of 15

Answer Stats

Hint Answer % Correct
DASLAsalad
96%
KECAcake
96%
OATSTtoast
95%
IZPAZpizza
95%
TAKESsteak
82%
CNAOBbacon
73%
RGAMERHUBhamburger
63%
FALSEWFwaffles
61%
GAUSSEAsausage
60%
KOCEIOcookie
42%
SHANOCnachos
32%
SLAAANGlasagna
29%
IHMIASSsashimi
22%
RUATIIMStiramisu
20%
PSHCEYOUchopsuey
11%

Score Distribution

Percentile by Number Answered

Percent of People with Each Score

Your Score History

You have not taken this quiz